UBT Library

A system of social science : (Record no. 42996)

000 -LEADER
fixed length control field 00656cam a2200229 i 4500
001 - CONTROL NUMBER
control field 4173341
005 - DATE AND TIME OF LATEST TRANSACTION
control field 20180221035201.0
008 - FIXED-LENGTH DATA ELEMENTS--GENERAL INFORMATION
fixed length control field 790529s1979 enk b 001 0 eng
010 ## - LIBRARY OF CONGRESS CONTROL NUMBER
LC control number 79040343
015 ## - NATIONAL BIBLIOGRAPHY NUMBER
National bibliography number GB79
020 ## - INTERNATIONAL STANDARD BOOK NUMBER
International Standard Book Number 0198284225 (Oxford University Press) :
Terms of availability £6.50
040 ## - CATALOGING SOURCE
Original cataloging agency DLC
Transcribing agency DLC
Modifying agency DLC
041 ## - LANGUAGE CODE
Language code of text/sound track or separate title eng
080 ## - UNIVERSAL DECIMAL CLASSIFICATION NUMBER
Universal Decimal Classification number 300.924
082 00 - DEWEY DECIMAL CLASSIFICATION NUMBER
Classification number 300.924 SKI
100 1# - Rafti
Rafti 50
101 ## - Shkurtesa
Shkurtesa SOC
245 12 - TITLE STATEMENT
Title A system of social science :
Statement of responsibility, etc by Andrew S. Skinner.
504 ## - BIBLIOGRAPHY, ETC. NOTE
Bibliography, etc Includes bibliographical references and index.
906 ## - LOCAL DATA ELEMENT F, LDF (RLIN)
a 7
b cbc
c orignew
d 1
e ocip
f 19
g y-gencatlg
942 ## - ADDED ENTRY ELEMENTS (KOHA)
Source of classification or shelving scheme
Item type Books
Holdings
Withdrawn status Lost status Source of classification or shelving scheme Damaged status Not for loan Collection code Permanent location Current location Shelving location Date acquired Total Checkouts Full call number Barcode Date last seen Price effective from Koha item type
          Koleksioni i përgjithshem UBT - Lipjan UBT - Lipjan Koleksioni i përgjithshem 02/21/2018   300.924 SKI 002-2999834 02/21/2018 02/21/2018 Books
UBT Library © 2015-2024. All rights reserved University Education for Business and Technology